Представление документа в формате RUSMARC

ПолеНазваниеЗначение
  Тип записи a
  Библиографический уровень a
001 Контрольный номер RU/УОНБ/EK_Kray/472321254
005 Дата корректировки 20240131004932.2
100 Данные общей обработки __
a Данные общей обработки 20141219d2014 ||| 0rusy0189 ca
101 Язык документа 0_
a Язык текста rus
102 Страна публикации __
a Страна публикации RU
105 Кодированные данные (монография) __
a Кодированные данные (монография) y###||||000|y
200 Заглавие и сведения об ответственности 1_
a Заглавие Они не ведали покоя
215 Физическое описание __
c Иллюстрации/тип воспроизводства 1 фот.
330 Аннотация __
a Аннотация Краеведы-авторы журнала Мономах: В.Ф. Барашков, Б.В. Аржанцев, С.М. Кончев, Н.Н. Жигарина, В. Сафонов, А.С. Сытин, М.Х. Валкин, Н.Ф. Прохорова.
461 Уровень набора _0
1 2000
a Мономах
1 011
463 Уровень физической единицы _0
1 001RU/УОНБ/EK_Kray/471702056
1 2000
a № 6
v С. 65
1 210
d 2014
600 Персоналии _1
a Персоналии (Фамилия) Барашков, Венедикт Федорович
600 Персоналии _1
a Персоналии (Фамилия) Аржанцев, Борис Васильевич
600 Персоналии _1
a Персоналии (Фамилия) Кончев, Сергей Матвеевич
600 Персоналии _1
a Персоналии (Фамилия) Телегин, Михаил Петрович
600 Персоналии _1
a Персоналии (Фамилия) Жигарина, Нина Николаевна
600 Персоналии _1
a Персоналии (Фамилия) Сафонов, Вячеслав
600 Персоналии _1
a Персоналии (Фамилия) Сытин, Алексей Сергеевич
600 Персоналии _1
a Персоналии (Фамилия) Валкин, Марк Хацкелевич
600 Персоналии _1
a Персоналии (Фамилия) Прохорова Надежда Федоровна
610 Ключевые слова 0_
a Ключевые слова краеведы
686 Индексы других классификаций __
a Классификационный индекс 79.4
2 Код системы rubbk
801 Источник записи _0
a Страна RU
b Организация Ульяновская ОНБ
c Дата составления 20141219
g Правила каталогизации RCR
801 Источник записи _1
a Страна RU
b Организация Ульяновская ОНБ
c Дата составления 20141219
g Правила каталогизации RCR
901 Тип документа __
t Тип документа b
w Контрольный № источника RU/УОНБ/EK_Kray/471702056
909 Создатель записи __
a Создатель записи Бороденкова
938 Служебная информация __
a Имя БД kraeved_work
b Имя библиотеки УОНБ
c Имя АИБС МАРК-SQL
d Номер DOC_ID в БД 108877